Cartilla para la cosecha y el manejo de palmas productoras de frutos (asaí, canangucho y milpesos) (Registro nro. 7700)
[ vista simple ]
| 000 -CABECERA | |
|---|---|
| Campo de control | 00880nam a22002537a 4500 |
| 005 - FECHA Y HORA DE LA ULTIMA TRANSACCION | |
| Campo de control | 20131029162055.0 |
| 008 - ELEMENTOS DE LONGITUD FIJA—INFORMACION GENERAL | |
| Campo de control | 131029b2013 ck il | |||| 00| 0 spa d |
| 020 ## - ISBN | |
| ISBN | 9789587615418 |
| 041 ## - IDIOMA | |
| Código de idioma para texto/pista de sonido o título separado | Español |
| 044 ## - PAÍS DE PUBLICACIÓN | |
| País de publicación | Colombia |
| 082 ## - NUMERO DE CLASIFICACION DECIMAL DEWEY | |
| Número de clasificación | 584.5 |
| Número del ítem | G21c2 |
| 245 ## - MENCION DE TITULO | |
| Título | Cartilla para la cosecha y el manejo de palmas productoras de frutos (asaí, canangucho y milpesos) |
| Mención de responsabilidad | Carolina Isaza ...[et al]. |
| 260 ## - PUBLICACION, DISTRIBUCION, ETC. (PIE DE IMPRENTA) | |
| Lugar de publicación, distribución, etc. | Bogotá |
| Nombre del editor, distribuidor, etc. | Universidad Nacional de Colombia. Facultad de Ciencias, Instituto de Ciencias Naturales |
| Fecha de publicación, distribución, etc. | 2013 |
| 300 ## - DESCRIPCION FISICA | |
| Extensión | 36 p. |
| Otros detalles físicos | il. |
| Dimensiones | 21 cm. |
| 650 ## - ASIENTO SECUNDARIO DE MATERIA - TERMINO TEMATICO | |
| Término temático o nombre geográfico como elemento de entrada | Palmas |
| 650 ## - ASIENTO SECUNDARIO DE MATERIA - TERMINO TEMATICO | |
| Término temático o nombre geográfico como elemento de entrada | Arecaceae |
| 650 ## - ASIENTO SECUNDARIO DE MATERIA - TERMINO TEMATICO | |
| Término temático o nombre geográfico como elemento de entrada | Frutas |
| Subdivisión geográfica | Amazonas (Región) |
| -- | Colombia |
| 700 ## - ASIENTO SECUNDARIO - NOMBRE PERSONAL | |
| Nombre personal | Isaza, Carolina |
| 700 ## - ASIENTO SECUNDARIO - NOMBRE PERSONAL | |
| Nombre personal | Núñez, Luis Alberto |
| 700 ## - ASIENTO SECUNDARIO - NOMBRE PERSONAL | |
| Nombre personal | Galeano, Gloria |
| 700 ## - ASIENTO SECUNDARIO - NOMBRE PERSONAL | |
| Nombre personal | Bernal, Rodrigo |
| 700 ## - ASIENTO SECUNDARIO - NOMBRE PERSONAL | |
| Nombre personal | Nacimiento, Armando |
| 942 ## - ELEMENTOS ADICIONALES (KOHA) | |
| Sistema de clasificación | Dewey Decimal Classification |
| Tipo de ítem | Impreso |
| Withdrawn status | Lost status | Sistema de Clasificación | Damaged status | No para préstamo | Colección | Inventariado | Ubicación Permanente | Ubicación actual | Fecha de adquisición | Fuente de Valor | Valor | Total Checkouts | Número topográfico | Inventario / Código de Barras | Date last seen | Ejemplar | Price effective from | Forma de adquisición | Tipo de material |
|---|---|---|---|---|---|---|---|---|---|---|---|---|---|---|---|---|---|---|---|
| Local | Hemeroteca | Inventariado 2017 | Bogotá | Bogotá | 29/10/2013 | Instituto | 39000.00 | FG-0409 | 059179 | 29/10/2013 | Ej. 1 | 29/10/2013 | Donación | Folleto | |||||
| Dewey Decimal Classification | Hemeroteca | Bogotá | Bogotá | 31/01/2020 | FG-0409 | 044157 | 31/01/2020 | Ej. 3 | 31/01/2020 | Donación | Folleto | ||||||||
| Dewey Decimal Classification | General | Inventariado 2017 | Sala Fabio Quevedo | Sala Fabio Quevedo | 03/09/2014 | Instituto | 39000.00 | LB-584.5 G21c2 | 038304 | 03/09/2014 | Ej. 2 | 03/09/2014 | Canje | Libro |